000 00290nam a22001337a 4500
008 170823b xxu||||| |||| 00| 0 eng d
020 _a038790428-X
041 _aeng
080 _a51
100 _a38
101 _aMAT
245 _aA COURSE IN ELASTICITY
_cFRAEIJS,B.M
942 _2udc
_cBK
999 _c24702
_d24702